Zapomenutá vražda /
Třetí kniha autorčiny detektivní série. Starobylé anglické sídlo, nevyřešená vražda a příliš mnoho podezřelých... Zkrátka dokonalá dovolená pro autorku románů Saru Medlarovou.
Uloženo v:
| Série: | A Medlar Mystery,
část 3 |
|---|---|
| Hlavní autor: | |
| Další autoři: | |
| Médium: | E-kniha |
| Jazyk: | Czech |
| Vydáno: |
Praha :
Baronet,
2021
|
| Vydání: | Vydání první |
| Témata: | |
| Příbuzné jednotky: | Z cyklu::
A Medlar Mystery |
| Tagy: |
Žádné tagy |
| LEADER | 02824cam a2200445 i 4500 | ||
|---|---|---|---|
| 001 | 311302 | ||
| 003 | CZ PrSKC | ||
| 005 | 20260601215703.0 | ||
| 007 | ta | ||
| 008 | 210408s2021 xr g 000 f cze d | ||
| 015 | |a cnb003318440 | ||
| 020 | |a 9788026915416 |q (vázáno) | ||
| 035 | |a (OCoLC)1260123661 | ||
| 040 | |a CBA001 |b cze |d ABG001 |d ABA001 |e rda | ||
| 041 | 1 | |a cze |h eng | |
| 072 | 7 | |a 821.111(73)-3 |x Americká próza |2 Konspekt | |
| 080 | |a 821.111(73)-31 |2 MRF | ||
| 080 | |a (0:82-312.4) |2 MRF | ||
| 100 | 1 | |a Deveraux, Jude, |d 1947- |7 jn20001005460 |4 aut | |
| 240 | 1 | 0 | |a Forgotten murder. |l Česky |
| 245 | 1 | 0 | |a Zapomenutá vražda / |c Jude Deveraux ; přeložila: Daniela Čermáková |
| 250 | |a Vydání první | ||
| 264 | 1 | |a Praha : |b Baronet, |c 2021 | |
| 300 | |a 376 stran ; |c 21 cm | ||
| 336 | |a text |b txt |2 rdacontent | ||
| 337 | |a bez média |b n |2 rdamedia | ||
| 338 | |a svazek |b nc |2 rdacarrier | ||
| 500 | |a Přeloženo z angličtiny | ||
| 520 | 2 | |a Třetí kniha autorčiny detektivní série. Starobylé anglické sídlo, nevyřešená vražda a příliš mnoho podezřelých... Zkrátka dokonalá dovolená pro autorku románů Saru Medlarovou. |b Poté co Sara Medlarová, její neteř Kate a jejich kamarád Jack vyřeší v městečku Lachlan na Floridě dva případy vraždy, potřebují změnu prostředí. Sara jim domluví návštěvu u kamarádky v Anglii. Po příjezdu na Oxley Manor, staré sídlo, jež bylo proměněno v luxusní hotel, Kate s Jackem rychle dochází, že má Sara něco za lubem. Zjistí, že Sara pozvala také několik dalších osob, aby se k nim na Oxley připojily. Když se všichni sejdou, Sara jim vysvětlí, proč jsou tu. Před desítkami let z Oxley utekli dva lidé a od té doby o nich nikdo neslyšel - a Sara chce ten starý případ vyřešit. Stejně jako lidé, kteří zde byli tu noc, kdy dva lidé zmizeli, se hosté ocitnou v živoucím představení. Někdo je však ochotný dál zabíjet, aby udržel pravdu o Oxley Manor pohřbenou, a žádný z hostů není v bezpečí. Nakladatelská anotace. Kráceno. | |
| 655 | 7 | |a americké romány |7 fd131796 |2 czenas | |
| 655 | 7 | |a detektivní romány |7 fd132010 |2 czenas | |
| 655 | 9 | |a American fiction |2 eczenas | |
| 655 | 9 | |a detective novels |2 eczenas | |
| 700 | 1 | |a Čermáková, Daniela, |d 1981- |7 xx0080624 |4 trl | |
| 787 | 0 | 8 | |i Z cyklu: |t A Medlar Mystery |g 3 |
| 900 | |a ABA001 |b 21 | ||
| 044 | |a xr | ||
| 910 | |a RBIT002 | ||
| 998 | |d 315140 |a https://core.palmknihy.cz/api/books/315140/cover?sgwebb |b https://core.palmknihy.cz/api/books/315140/cover/400?sgwebb |c https://core.palmknihy.cz/api/books/315140/cover/50?sgwebb |e 2027-05-04 |g 376 |i 9788026915416 |j https://core.palmknihy.cz/api/books/315140/preview.epub |l |q 49 |r 1 |s https://www.palmknihy.cz/kniha/315140 |t ebook |y 2021 |z 0 |v A Medlar Mystery |w 3 | ||
| 999 | |d 311300 | ||